000 00820nam a2200301Ia 4500
001 Z_1767
003 CHAP
005 20221116101636.0
008 220113s1995 mx a c a001 0 spa d
010 _a164858
040 _cCHAP
082 _aC 580.742 I548
110 _aINEGI (Instituto Nacional de Estadística Geografía e Informática)
_9138919
245 _aCatálogo de herbario INEGI /
_cINEGI
260 _aAguascalientes, Ags. :
_bINEGI,
_c1995
300 _a3 v.
503 _aej.1 v.1: 181009
503 _aej.1 v.2: 181009
503 _aej.1 v.3: 181009
650 _aBotánica
_xMéxico
_9138920
650 _aHerbarios
_953677
650 _aPlantas
_xColección y preservación
901 _aC 580.742 I548
902 _aM
910 _a1995
942 _cLIBRO
_2ddc
942 _2ddc
999 _c164858
_d164858